000 01063nam a2200241Ia 4500
001 812-WIL th at (15143)
003 IT-MiSPE
008 171229s9999||||xx |||||||||||||| ||und||
040 _aIT-MiSPE
_cIT-MiSPE
041 _aITALIANO
100 _aThornton Wilder
240 _aThree minutes plas for three people
245 0 _aAtti in tre minuti per tre personaggi
250 _a1a ed. (v)
260 _aFirenze
_bSansoni
_c1961
300 _a142 p.
_c17 cm
490 _aPiccolo teatro Sansoni
_v19
501 _aEdizioni San Paolo srl - Piazza Soncino, 5 - 20092 CINISELLO BALSAMO (MI) (non commercial uses only) ® Copyright 2018
700 _aCristina Cellini Conti
_g(traduzione)
942 _cBK
957 _71
999 _a1520
_bNO
_g Copie: 1
_c352558
_d352558